| 000 | 00724cam a2200193 a 4500 | ||
|---|---|---|---|
| 020 | _a0803958277 (cloth : acidfree paper) | ||
| 020 | _a0803958285 (pbk. : acidfree paper) | ||
| 040 | _cDLC | ||
| 082 | 0 | 0 | _a370 SAG 1998 A013 Or. |
| 100 | 1 | _aMertens, Donna M. | |
| 245 | 1 | 0 |
_aResearch methods in education and psychology : _bintegrating diversity with quantitative & qualitative approaches / |
| 260 |
_aThousand Oaks, Calif. : _bSage Publications, _cc1998. |
||
| 300 |
_axvii, 422 p. : _bill. ; _c26 cm. |
||
| 650 | 0 | _aEducation | |
| 650 | 0 | _aPsychology | |
| 856 | 4 | 2 | _uhttp://www.loc.gov/catdir/enhancements/fy0655/97004890-d.html |
| 856 | 4 | 2 | _uhttp://www.loc.gov/catdir/enhancements/fy0734/97004890-b.html |
| 942 | _cEK | ||
| 999 |
_c13232 _d13232 |
||